Vista normal
Vista MARC
Entrada Personal Name
Número de registros utilizados en: 1
001 - CONTROL NUMBER
- control field: 15277
003 - CONTROL NUMBER IDENTIFIER
- control field: DLC
005 - DATE AND TIME OF LATEST TRANSACTION
- control field: 20240123133634.0
008 - FIXED-LENGTH DATA ELEMENTS
- fixed length control field: 151211n| azannaabn |n aaa
010 ## - LIBRARY OF CONGRESS CONTROL NUMBER
- LC control number: n 2015071637
040 ## - CATALOGING SOURCE
- Original cataloging agency: DLC
- Language of cataloging: spa
- Description conventions: rda
- Transcribing agency: Mx-PuUPA
- Modifying agency: Mx-PuUPA
046 ## - SPECIAL CODED DATES
- Birth date: 1943
100 1# - HEADING--PERSONAL NAME
- Personal name: Scott, Joyce,
- Fuller form of name: (Joyce Wallace),
- Dates associated with a name: 1943-
374 ## - OCCUPATION
- Occupation: Autor
375 ## - GENDER
- Gender: mujer
377 ## - ASSOCIATED LANGUAGE
- Language code: eng
670 ## - SOURCE DATA FOUND
- Source citation: Entwined, sisters and secrets in the silent world of artist Judith Scott, 2016:
- Information found: ECIP t.p. (Judith Scott) data view (Joyce Wallace Scott, MA)
670 ## - SOURCE DATA FOUND
- Source citation: Beacon Press, at title Entwined, sisters and secrets in the silent world of artist Judith Scott, viewed Dec. 11, 2015
- Information found: (Judith Scott, b. 1943, Columbus, Ohio, with Down syndrome; Joyce, her twin)